2020s Celebrities by Picture #1 - Statistics

General Stats
  • This quiz has been taken 77,489 times
  • The average score is 14 of 20
Answer Stats
Picture Answer % Correct
Elon Musk
97%
Billie Eilish
93%
Zendaya
90%
Tom Holland
85%
Margot Robbie
84%
MrBeast
82%
The Weeknd
82%
Timothée Chalamet
80%
Lil Nas X
78%
Greta Thunberg
77%
Kylian Mbappé
75%
Michael B. Jordan
70%
Millie Bobby Brown
70%
Chris Evans
66%
Volodymyr Zelenskyy
60%
Joe Rogan
57%
Gal Gadot
56%
Max Verstappen
56%
Adam Driver
55%
Jung Kook
30%
No matching quizzes found
Score Distribution
Percent of People with Each Score
Percentile by Number Answered
Your Score History
You have not taken this quiz